000 02352nam a22001817a 4500
005 20151125154415.0
008 151125b xxu||||| |||| 00| 0 eng d
040 _aANE
041 _aEs
082 _aTV-1682
100 _aZúñiga, Ledy
_e ministra de Justicia
245 _aLedy Zúñiga: la violencia de género no solo afecta a la mujer sino a toda la estabilidad del hogar
260 _aQuito
_bGama TV
_c2015-11-25
300 _ap.
520 _aLedy Zúñiga, ministra de Justicia, analizó las cifras de violencia contra la mujer que se registran en el Ecuador y los esfuerzos del gobierno por bajar estos niveles. Zúñiga resaltó que desde 2007 se ha puesto en marcha un plan nacional para erradicar la violencia de género. Entre los avances registrados, destacó una reducción de alrededor del 30% de muertes violentas de mujeres a partir del 2014. Así también, destacó la tipificación de femicidio en el último Código Penal. “El femicidio no solo atenta contra la vida de las mujeres, sino también contra la estabilidad del hogar”, apuntó. La Ministra emplazó a, trabajar en el hogar, y no solo esperar una acción del Gobierno, para romper los patrones socio culturales relacionadas al machismo. Zúñiga reconoció que aún falta mucho por hacer en esta problemática mundial, no obstante, destacó que algunos reconocimientos internacionales para el país en esta materia, como: “El segundo lugar en la región en equidad y participación de la mujer”. Adelantó que se está trabajando en varias áreas del Estado para luchar contra la violencia que incluye el trabajo con los agresores. Mencionó que se han emprendido programas desde algunas carteras del Ejecutivo y en la función Judicial. (Ecuador en Vivo)
650 _aviolencia género/ ministra de Justicia/cifras/ violencia contra la mujer/Ecuador/plan nacional/erradicar violencia de género/reducción/muertes violentas mujeres 2014/tipificación femicidio/último Código Penal/atenta /contra vida mujeres/estabilidad del hogar/trabajar hogar/acción gobierno/ patrones socio culturales relacionadas al machismo/problemática mundial/reconocimientos internacionales país/segundo lugar región/equidad y participación de la mujer/trabajo con los agresores/ emprendido programas/carteras Ejecutivo/función judicial/
942 _2ddc
_cVM
_zIES.
999 _c31971
_d31971